Pulling out the plug (Record no. 77124)
[ view plain ]
| 000 -LEADER | |
|---|---|
| fixed length control field | 01140cab a2200205 4500 |
| 001 - CONTROL NUMBER | |
| control field | ##L133636 |
| 008 - FIXED-LENGTH DATA ELEMENTS--GENERAL INFORMATION | |
| fixed length control field | 060525n2006 000 0 eng u |
| 035 ## - SYSTEM CONTROL NUMBER | |
| System control number | (Sirsi) u133636 |
| 041 0# - LANGUAGE CODE | |
| Language code of text/sound track or separate title | eng |
| 100 1# - MAIN ENTRY--PERSONAL NAME | |
| Personal name | Yandall, Paul |
| 245 00 - TITLE STATEMENT | |
| Title | Pulling out the plug |
| 260 ## - PUBLICATION, DISTRIBUTION, ETC. | |
| Date of publication, distribution, etc. | 2006 |
| 490 #0 - SERIES STATEMENT | |
| Series statement | Estates Gazette |
| Volume/sequential designation | (0620) 20 May 2006, 66-68(3) |
| 520 ## - SUMMARY, ETC. | |
| Summary, etc. | Examines how retailer PowerHouse recently deprived its landlords of owed rent by using a Company Voluntary Arrangement (CVA), a form of insolvency, to close 31 of its underperforming stores. A group of affected landlords has now been given leave to take the retailer's parent company Pacific Retail Group to court to get the CVA revoked. Discusses the serious implications for the property industry if this development becomes a precedent that could according to some industry experts jeopardise every facet of the business. |
| 590 ## - LOCAL NOTE (RLIN) | |
| Local note | IKA060606 |
| 650 24 - SUBJECT ADDED ENTRY--TOPICAL TERM | |
| Topical term or geographic name entry element | INSOLVENCY ACT 1986 |
| 651 #4 - SUBJECT ADDED ENTRY--GEOGRAPHIC NAME | |
| Geographic name | United Kingdom |
| Chronological subdivision | |
| 690 ## - LOCAL SUBJECT ADDED ENTRY--TOPICAL TERM (OCLC, RLIN) | |
| Topical term or geographic name as entry element | PROPERTY-COMMERCIAL PROPERTY-LEASEHOLD COMMERCIAL PROPERTY-COMMERCIAL LANDLORD AND TENANT-BUSINESS TENANCIES-BREACHING BUSINESS TENANCIES |
| 942 ## - ADDED ENTRY ELEMENTS (KOHA) | |
| Suppress in OPAC | 0 |
| Withdrawn status | Lost status | Source of classification or shelving scheme | Damaged status | Not for loan | Home library | Current library | Shelving location | Date acquired | Total Checkouts | Full call number | Barcode | Date last seen | Copy number | Price effective from | Koha item type |
|---|---|---|---|---|---|---|---|---|---|---|---|---|---|---|---|
| Dewey Decimal Classification | London | London | Journal article | 25/05/2006 | L133636 | 133636-1001 | 06/08/2019 | 1 | 06/08/2019 | Journal article |